Plan de mitigación de los efectos de la temporada seca en el sector agropecuario, acuícola y pesquero. (Registro nro. 9050)
[ vista simple ]
| 000 -CABECERA | |
|---|---|
| Campo de control | 01029nam a22002417a 4500 |
| 005 - FECHA Y HORA DE LA ULTIMA TRANSACCION | |
| Campo de control | 20150204162532.0 |
| 008 - ELEMENTOS DE LONGITUD FIJA—INFORMACION GENERAL | |
| Campo de control | 150204b2013 ck |||||r|||| 00| 0 spa d |
| 020 ## - ISBN | |
| ISBN | 9789585763135 |
| 040 ## - FUENTE DE CATALOGACIÓN | |
| Agencia catalogadora original | Co-BoIAVH |
| Agencia transcriptora | Co-BoIAVH |
| 041 ## - IDIOMA | |
| Código de idioma para texto/pista de sonido o título separado | Español |
| 044 ## - PAÍS DE PUBLICACIÓN | |
| País de publicación | Colombia |
| 082 00 - NUMERO DE CLASIFICACION DECIMAL DEWEY | |
| Número de clasificación | 304.25 |
| Número del ítem | P69p |
| 110 2# - ASIENTO PRINCIPAL--NOMBRE CORPORATIVO | |
| Nombre corporativo o de jurisdicción como elemento de entrada | Colombia. |
| Unidad subordinad | Ministerio de Agricultura y Desarrollo Rural. |
| 9 (RLIN) | 6763 |
| 245 10 - MENCION DE TITULO | |
| Título | Plan de mitigación de los efectos de la temporada seca en el sector agropecuario, acuícola y pesquero. |
| 250 ## - MENCION DE EDICION | |
| Mención de edición | 2da. |
| 260 ## - PUBLICACION, DISTRIBUCION, ETC. (PIE DE IMPRENTA) | |
| Lugar de publicación, distribución, etc. | Bogotá: |
| Nombre del editor, distribuidor, etc. | Ministerio de Agricultura y Desarrollo Rural, |
| -- | Unidad Nacional para la Gestión del Riesgo de Desastres, |
| Fecha de publicación, distribución, etc. | 2013. |
| 300 ## - DESCRIPCION FISICA | |
| Extensión | 28 cm. |
| Otros detalles físicos | il. |
| Dimensiones | 21 cm. |
| 520 ## - NOTA DE RESUMEN, ETC. | |
| Nota de resumen | El sector agrícola es muy sensible a los cambios climáticos,siendo especialmente vulnerables los pequeños agricultores. |
| 650 #4 - ASIENTO SECUNDARIO DE MATERIA - TERMINO TEMATICO | |
| Término temático o nombre geográfico como elemento de entrada | Clima |
| Subdivisión general | efectos sociales |
| 9 (RLIN) | 32653 |
| 650 #4 - ASIENTO SECUNDARIO DE MATERIA - TERMINO TEMATICO | |
| Término temático o nombre geográfico como elemento de entrada | Cambios climáticos |
| Subdivisión general | efectos en la agricultura |
| 9 (RLIN) | 32654 |
| 650 #4 - ASIENTO SECUNDARIO DE MATERIA - TERMINO TEMATICO | |
| Término temático o nombre geográfico como elemento de entrada | Cambios climáticos |
| Subdivisión general | efectos en en sector pesquero |
| 9 (RLIN) | 32655 |
| 942 ## - ELEMENTOS ADICIONALES (KOHA) | |
| Sistema de clasificación | Dewey Decimal Classification |
| Tipo de ítem | Folleto |
| Withdrawn status | Lost status | Sistema de Clasificación | Damaged status | No para préstamo | Colección | Inventariado | Ubicación Permanente | Ubicación actual | Fecha de adquisición | Total Checkouts | Número topográfico | Inventario / Código de Barras | Date last seen | Ejemplar | Price effective from | Forma de adquisición | Tipo de material |
|---|---|---|---|---|---|---|---|---|---|---|---|---|---|---|---|---|---|
| Dewey Decimal Classification | General | Inventariado 2017 | Bogotá | Bogotá | 04/02/2015 | LB-304.25 P69p | 038662 | 04/02/2015 | Ej. 2 | 04/02/2015 | Canje | Folleto | |||||
| Dewey Decimal Classification | General | Inventariado 2017 | Sala Fabio Quevedo | Sala Fabio Quevedo | 04/02/2015 | LB-304.25 P69p | 038663 | 04/02/2015 | Ej. 1 | 04/02/2015 | Canje | Folleto |